Linear programming : foundations and extensions
Uloženo v:
| Hlavní autor: | |
|---|---|
| Médium: | Kniha |
| Jazyk: | angličtina |
| Vydáno: |
Boston
Kluwer Academic
1996
|
| Edice: | International Series in Operations Research & Management Science, 4
|
| Témata: | |
| Tagy: |
Přidat tag
Žádné tagy, Buďte první, kdo vytvoří štítek k tomuto záznamu!
|
MARC
| LEADER | 00000nam a2200000 a 4500 | ||
|---|---|---|---|
| 001 | UCK5715 | ||
| 003 | CL-VaPUC | ||
| 008 | 050819e19960000US |||||||||||||||||eng|d | ||
| 020 | |a 0792398041 | ||
| 082 | 0 | 4 | |a 519.72 |b VAN |2 21 |
| 100 | 0 | |a Vanderbei, Robert J |e author |9 494647 | |
| 245 | 1 | 0 | |a Linear programming : foundations and extensions |
| 300 | |a 418 p | ||
| 942 | |c BK | ||
| 945 | |d 20050819 00:00:00 |a jcarroza | ||
| 260 | |a Boston |b Kluwer Academic |c 1996 | ||
| 650 | 0 | |a Programación lineal |9 23 | |
| 650 | 0 | |a Programación matemática |9 260785 | |
| 650 | 0 | |a Optimización matemática |9 259780 | |
| 583 | |a last modification |c 20050819 00:00:00 |k Rodrigo Vera | ||
| 490 | 0 | |a International Series in Operations Research & Management Science, 4 | |
| 999 | |c 314210 |d 314208 | ||
| 952 | |0 0 |1 0 |4 0 |6 519_720000000000000_VAN_1996 |7 0 |8 A |9 386224 |a BIBING |b BIBING |d 2019-11-22 |i 4155777 |o 519.72 VAN 1996 |p 4155777 |r 2025-01-20 |w 2019-11-22 |y BK |k EII | ||